• 首页
  • 本馆介绍
  • 公告通知
  • 最新文献
  • 馆藏检索
  • 电子资源
  • 读者导购
  • 参考咨询
  • 我的图书馆
  • 登录
  • 详细信息显示
  • 放入我的书架
  • 预约/预借图书
  • 作者相关作品
  • 分类相关作品
  • 丛书相关作品
  • 出版社相关作品

书目信息

  • 表格格式
  • 工作单格式
  • 卡片格式
题名:
白蛇传传说
    
 
作者: 闻婷 , 闻婷 著 ;沈丽颖 主编
分册:  
出版信息: 长春   吉林出版集团有限责任公司  2014
页数: 159页
开本: 24cm
丛书名: 流光溢彩的中华民俗文化
单 册:
中图分类: I207.73
科图分类:
主题词: 民间故事--min jian gu shi--文学研究--中国
电子资源:
ISBN: 978-7-5534-5064-3
000 00972nam 2200289 450
001 2375195422
005 20231109121206.20
010    @a978-7-5534-5064-3@dCNY45.00
100    @a20180723d2014 em y0chiy50 ea
101 0  @achi
102    @aCN@b220000
105    @aah z 000fd
200 1  @a白蛇传传说@Abai she zhuan chuan shuo@f闻婷
210    @a长春@c吉林出版集团有限责任公司@d2014
215    @a159页@c彩图, 摹真@d24cm
225 0  @a流光溢彩的中华民俗文化@Aliu guang yi cai de zhong hua min su wen hua@e彩图版@v1
303    @a据2016年第2次印刷本著录
314    @a版权页题:作者闻婷; 封底题本卷主编:沈丽颖
410  0 @12001 @a流光溢彩的中华民俗文化 (彩图版)@v1
605    @a白蛇传@Abai she zhuan@x文学研究
606 0  @a民间故事@Amin jian gu shi@x文学研究@y中国
690    @aI207.73@v5
701  0 @a闻婷@Awen ting@4著
701  0 @a闻婷@Awen ting
702  0 @a沈丽颖@Ashen li ying@4主编
801  0 @aCN@b山东中教@c20230926
905    @aBZT@dI207.73@e1
    
    白蛇传传说/闻婷.-长春:吉林出版集团有限责任公司,2014
    159页:彩图, 摹真;24cm.-(流光溢彩的中华民俗文化:彩图版;1)
    
    
    ISBN 978-7-5534-5064-3:CNY45.00
    
●
相关链接 在五车中查询图书 在当当中查询图书 在豆瓣中查询图书


正题名:白蛇传传说     索取号:I207.73/1         预约/预借

序号 登录号 条形码 馆藏地/架位号 状态 备注
1 2000952471   2000952471   第四书库/四11架A面5层3列/ [索取号:I207.73/1] 在馆    
2 2000952472   2000952472   第四书库/四11架A面5层3列/ [索取号:I207.73/1] 在馆    
3 2000952473   2000952473   第四书库/四11架A面5层3列/ [索取号:I207.73/1] 在馆    
4 2000952474   2000952474   第四书库/四11架A面5层3列/ [索取号:I207.73/1] 在馆    
5 2000952475   2000952475   第四书库/四11架A面5层3列/ [索取号:I207.73/1] 在馆    
6 2000952476   2000952476   第四书库/四11架A面5层3列/ [索取号:I207.73/1] 在馆    
山东省滨州职业学院图书馆 欢迎您!
大连网信软件有限公司© 版权所有